Brooklyn Nine Nine Quiz - Statistics

General Stats
  • This quiz has been taken 189 times
  • The average score is 13 of 32
Answer Stats
Question Answer % Correct
Which country is Amy's family originally from? Cuba
87%
What is Jake's favorite movie? Die Hard
86%
Which detective is obsessed with food? Charles Boyle
80%
Who is a childhood friend of Jake's in the precinct? Gina Linetti
77%
What does Jake's Dad do for a living? Pilot
77%
Who works in the Major Crimes unit that always takes the squad's cases? The Vulture
75%
What happens every Halloween? Heist
74%
What precinct does the squad work for? 99th
73%
What is the name of Amy's EX? Teddy
58%
What is the name of Jake's mother? Karen Peralta
54%
What is the nickname of the serial killer who Captain Holt captured when he was a detective? The Disco Strangler
52%
Where do Jake and Holt go into hiding at the beginning of season 4? Coral Palms
47%
What is the name of Charles' adoptive son? Nikolaj
46%
Who is Captain Holt's rival Madeline Wuntch
41%
Who writes the Skyfire Cycle? DC Parlov
39%
Who is nicknamed "The Butcher"? Jimmy Figgis
37%
Which restaurant do Hitchcock and Scully go to all the time? Wing Sluts
37%
What is the name of Captain Holt's husband? Kevin Cosner
36%
Who wins the first Jimmy Jab games? Amy Santiago
33%
Who frames Jake and Rosa and has them sent to prison Melanie Hawkins
32%
Jake and Amy make a bet of who can make more___ in season 1 Felony Arrests
24%
Which family member of Captain Holt's does Rosa date in season 1? His Nephew
23%
What job does the squad get in Windbreaker City? Hostages
23%
Who is the best detective Holt has ever known? Dillman
22%
Where does Holt work at while undercover in Florida? The Fun Zone
22%
How long did it take for Holt to get his first command? 25 years
20%
Where do Jake and Amy go for there honeymoon? Mexico
18%
Which mobster threatens Kevin's life? Shamus Murphy
13%
What is the name of the man who is murdered in the pilot episode? Henry Morgenthau
12%
Which movie character do Jake and Amy name their baby after? John McClain
8%
What is Captain Holt's dream job? Commissioner of the NYPD
4%
What is Terry's favorite food? Yougrt
1%
No matching quizzes found
Score Distribution
Percent of People with Each Score
Percentile by Number Answered
Your Score History
You have not taken this quiz